Piłkarska kariera George'a Besta. - Statystyki

Ogólne statystyki
  • Ten quiz został rozwiązany 25 razy
  • Średni wynik to 3 z 13
Statystyki odpowiedzi
Lata Drużyna % Poprawnych
1963-1974 Manchester United
100%
1975-1975 Manchester United
100%
1983-1984 Bournemouth
10%
1975-1976 Cork Celtic
10%
1977-1978 Fulham
10%
1979-1980 Hibernian
10%
1976-1977 Los Angeles Aztecs
10%
1978-1979 Los Angeles Aztecs
10%
1974-1975 Stockport
10%
1984-1985 Tobermore
10%
1984-1984 Brisbane Lions
5%
1979-1979 FL Strikers
5%
1980-1982 San Jose Clash
0%
Nie znaleziono quizów pasujących do podanych kryteriów
Rozkład punktacji
Procent ludzi z każdym wynikiem
Percentyl według liczby udzielonych odpowiedzi
Twoja historia wyników
Nie rozwiązałeś tego quizu